One Piece Straw Hats - Statistics

General Stats
  • This quiz has been taken 124 times
  • The average score is 12 of 13
Answer Stats
Hint Answer % Correct
Captain Luffy
99%
Navi nami
99%
Musician brook
98%
Doctor chopper
98%
Cook sanji
98%
Shipwright franky
97%
Archaeologist robin
97%
Sniper usopp
97%
Vice captain zoro
97%
Helmsman jinbe
94%
1st ship going merry
84%
2nd ship thousand sunny
84%
Honorary straw hat vivi
84%
No matching quizzes found
Score Distribution
Percent of People with Each Score
Percentile by Number Answered
Your Score History
You have not taken this quiz